Adventure in tiger country / (Record no. 160810)

MARC details
000 -LEADER
fixed length control field 00434nam a22001697a 4500
005 - DATE AND TIME OF LATEST TRANSACTION
control field 20190211173221.0
010 ## - LCCN (DPL NO)
LC control number A-584845
020 ## - INTERNATIONAL STANDARD BOOK NUMBER
International Standard Book Number 8170116333
Terms of availability 11.00
035 ## - SYSTEM CONTROL NUMBER
System control number A-584845
037 ## - SOURCE OF ACQUISITION
Source of stock number/acquisition A CBT Publication
082 ## - DEWEY DECIMAL CLASSIFICATION NUMBER
Classification number S
100 ## - MAIN ENTRY--PERSONAL NAME
Personal name Mohan, Shailaja
245 ## - TITLE STATEMENT
Title Adventure in tiger country /
Statement of responsibility, etc Shailaja Mohan
260 ## - PUBLICATION, DISTRIBUTION, ETC. (IMPRINT)
Place of publication, distribution, etc New Delhi
Name of publisher, distributor, etc A CBT Publication
Date of publication, distribution, etc 1992
300 ## - PHYSICAL DESCRIPTION
Extent 69p.
Dimensions 21cm(pbk)
942 ## - ADDED ENTRY ELEMENTS (KOHA)
Source of classification or shelving scheme Dewey Decimal Classification
Item type English Books
Classification part S
Call number suffix SHA
Holdings
Withdrawn status Lost status Not for loan Collection code Home library Current library Date acquired Full call number Barcode Koha item type
      Non-fiction Sarojini Nagar Sarojini Nagar 11/02/2019 S SHA A-584845 English Books

© Delhi Public Library
Hit Counter
free hit counter